Physical science: (Record no. 5352)

MARC details
000 -LEADER
fixed length control field 00481nam a22001817a 4500
003 - CONTROL NUMBER IDENTIFIER
control field OSt
005 - DATE AND TIME OF LATEST TRANSACTION
control field 20161130132428.0
008 - FIXED-LENGTH DATA ELEMENTS--GENERAL INFORMATION
fixed length control field 161013b xxu||||| |||| 00| 0 eng d
020 ## - INTERNATIONAL STANDARD BOOK NUMBER
International Standard Book Number 0471360198
040 ## - CATALOGING SOURCE
Transcribing agency DDC.
082 ## - DEWEY DECIMAL CLASSIFICATION NUMBER
Classification number 500.2ZAJ 2001;
100 ## - MAIN ENTRY--PERSONAL NAME
Personal name Zajac,Richard;
9 (RLIN) 11195
245 ## - TITLE STATEMENT
Title Physical science:
Remainder of title a Laboratory Manual.
260 ## - PUBLICATION, DISTRIBUTION, ETC. (IMPRINT)
Place of publication, distribution, etc. New York;
Name of publisher, distributor, etc. John Wiley an Sons inc.
Date of publication, distribution, etc. 2001.
300 ## - PHYSICAL DESCRIPTION
Extent xi,426p;
Other physical details ill;
Dimensions 27cm,
650 ## - SUBJECT ADDED ENTRY--TOPICAL TERM
Topical term or geographic name as entry element Chemistry.
9 (RLIN) 797
942 ## - ADDED ENTRY ELEMENTS (KOHA)
Source of classification or shelving scheme Dewey Decimal Classification
Koha item type Open Shelf
Holdings
Withdrawn status Lost status Source of classification or shelving scheme Damaged status Not for loan Home library Current library Date acquired Source of acquisition Inventory number Total Checkouts Full call number Barcode Date last seen Koha item type
    Dewey Decimal Classification     MUST Main Library MUST Main Library 13/10/2016   05/23976   500.2 ZAJ 2001; 2016-4785 13/10/2016 Open Shelf
    Dewey Decimal Classification     MUST Main Library MUST Main Library 30/11/2016   05/23975   500.2 ZAJ 2001; 2016-4970 30/11/2016 Open Shelf
    Dewey Decimal Classification     MUST Main Library MUST Main Library 01/12/2016   05/23977   500.2 ZAJ 2001; 2016-4977 01/12/2016 Open Shelf